| 000 | 00780nam a2200205 a 4500 | ||
|---|---|---|---|
| 001 | 000025064 | ||
| 005 | 20200930023536.0 | ||
| 008 | 110209s1987 sp r 000 0 spa d | ||
| 020 | _a8474261287 | ||
| 040 |
_aDO-SdBNP _bspa _cBNPHU |
||
| 082 |
_axxxx _bS123p |
||
| 100 | 1 |
_aSacristán Luzón, Manuel _913751 |
|
| 245 | 1 | 0 |
_aPacifismo, ecología y política alternativa / _cManuel Sacristán Luzón ; edición Juan Ramón Capella. |
| 260 |
_aBarcelona, España : _bIcaria Antrazyt, _c1987. |
||
| 300 |
_a208 p. ; _c20 cm. |
||
| 500 | _aIncluye referencia biográfica del autor en la solapa de la cubierta y de la contracubierta. | ||
| 504 | _aIncluye referencias bibliográficas y notas al pie de las páginas. | ||
| 700 | 1 |
_aCapella, Juan Ramón, _eed. _948668 |
|
| 049 | _aBNGR | ||
| 999 |
_c24557 _d24557 |
||